000 01446ntaaa2200385 4500
003 01
005 20251027203339.0
008 0714s1973 ag 01
020 _a9789506831363
040 _aAR-BaBN
_bspa
_cAR-BaBN
_eaacr
_dRIC
082 _a227.1 St7
100 _aStott, John
_d1921-2011
_937357
245 _aEl mensaje de Romanos /
_cJohn Stott, traducido por David Powell, y Jorge Olivares, y Adriana Powell
260 _aBarcelona ; Buenos Aires :
_bEds. Certeza Unida,
_c2007
300 _a540 p. ;
_c23 cm.
500 _aTítulo original: The message of Romans
500 _aGuía de estudio por David Stone
500 _aDonación de Tomás J. M. Mackey, 2021
500 _aEd. original en inglés: InterVarsity Press
500 _aBibliografía: p. 513-518
505 _tIntroducción
505 _tI. La ira de Dios contra toda la humanidad
505 _tII. La gracia de Dios en el evangelio
505 _tIII. El plan de Dios para judíos y gentiles
505 _tIV. La voluntad de Dios para relaciones transformadas
505 _tConclusión: La providencia de Dios en el ministerio de Pablo
505 _tApéndice: Nuevos desafíos para antiguas tradiciones
650 _aBIBLIA
_9468
650 _aNUEVO TESTAMENTO
650 _aROMANOS
700 _aPowell, David
_etraductor
_932470
700 _aOlivares, Jorge
_erevisión
_932635
700 _aPowell, Adriana
_eeditor
_933548
942 _cBK
999 _c29000
_d29000